PRODUCTION AND OPERATIONS MANAGEMENT: TEXT AND CASES (Record no. 189844)

MARC details
000 -LEADER
fixed length control field 00328nam a22001337a 4500
020 ## - INTERNATIONAL STANDARD BOOK NUMBER
International Standard Book Number 978-81-7446-506-5
082 ## - DEWEY DECIMAL CLASSIFICATION NUMBER
Classification number 658.5 UPE/PR
100 ## - MAIN ENTRY--PERSONAL NAME
Personal name UPENDRA KACHRU
245 ## - TITLE STATEMENT
Title PRODUCTION AND OPERATIONS MANAGEMENT: TEXT AND CASES
250 ## - EDITION STATEMENT
Edition statement 1
260 ## - PUBLICATION, DISTRIBUTION, ETC. (IMPRINT)
Place of publication, distribution, etc. NEW DELHI
Name of publisher, distributor, etc. EXCELL BOOKS
Date of publication, distribution, etc. 2007
300 ## - PHYSICAL DESCRIPTION
Extent 811
942 ## - ADDED ENTRY ELEMENTS (KOHA)
Source of classification or shelving scheme Dewey Decimal Classification
Koha item type Books (General)
Holdings
Withdrawn status Lost status Source of classification or shelving scheme Damaged status Not for loan Collection code Home library Current library Shelving location Date acquired Cost, normal purchase price Total Checkouts Full call number Date last seen Price effective from Koha item type
    Dewey Decimal Classification     Malayalam College of Co-operation, Banking & Management Library, Vellanikkara College of Co-operation, Banking & Management Library, Vellanikkara   27/09/2017 450.00   658.5 UPE/PR 27/09/2017 27/09/2017 Books (General)
Kerala Agricultural University Central Library
Thrissur-(Dt.), Kerala Pin:- 680656, India
Ph : (+91)(487) 2372219
E-mail: librarian@kau.in
Website: http://library.kau.in/